| 000 | 00875cab a2200265 4500 | ||
|---|---|---|---|
| 001 | ABS56809 | ||
| 008 | 090401t1997 xxu||||| |||| 00| 0 eng d | ||
| 035 | _a(Sirsi) u78004 | ||
| 041 | _aeng | ||
| 100 | _aCole, M. | ||
| 245 | _aAction stations | ||
| 260 | _c1997 | ||
| 350 | _a0 | ||
| 490 |
_aNew Civil Engineer _vRailways Special April 1997, 19-21(3) |
||
| 520 | _aReports on Railtrack`s attempts to bring its property up to a benchmark condition. The maintenance programme, which covers 14 stations, is starting with Paddington. | ||
| 650 | _aMAINTENANCE PROGRAMMES | ||
| 650 | _aBUILT ENVIRONMENT-BUILDING MAINTENANCE AND REFURBISHMENT | ||
| 650 | _aPADDINGTON | ||
| 650 | _aRAILTRACK PROPERTY | ||
| 650 | _aRAILTRACK | ||
| 650 | _aRAILWAY STATIONS | ||
| 690 | _aBUILDING AND CONSTRUCTION-REPAIRS AND MAINTENANCE | ||
| 942 | _n0 | ||
| 948 | _c28/04/1997 | ||
| 999 |
_c49064 _d49064 |
||